000
00278nam a22001097a 4500
082
_a
658.83 966 INT
245
_a
International Trade Centre Unctad/ Gatt
260
_a
Ghana
_c
1969
300
_a
99p.
_b
ill. ;27CM
650
_a
International Trade Centre Unctad/ Gatt
942
_c
BK
999
_c
16387
_d
16387